| 000 | 00570nam a22001937a 4500 | ||
|---|---|---|---|
| 999 |
_c174258 _d174258 |
||
| 005 | 20200528155330.0 | ||
| 010 | _aUR-10763 | ||
| 020 |
_c870.00 _a9788192747743 |
||
| 035 | _aU-9318 | ||
| 037 |
_bDBAD/PUB _a- |
||
| 082 | _a840.08 | ||
| 100 | _aجعفر ر ضا | ||
| 245 |
_aشعر يا ت ا نيس _cجعفر ر ضا |
||
| 246 |
_bSheriat-e-Anees (Urdu) _aby Jafir Raza |
||
| 260 |
_aAllahabad _bShabistan _c2019 ء |
||
| 270 |
_a786,Shah Ganj, _bAllahabad _e211003 _k- _l- |
||
| 300 |
_a599 ص _c22 Cm(Hb) |
||
| 942 |
_2ddc _cUR _h840.08 _mج ع ف |
||